000 01445nam a2200409 i 4500
001 13428
003 KOSZ 005
005 20200630132828.0
008 080221s1964 pl a f f 001 0 pol
015 _aPB 1964/5326
040 _aWA N
_cWA N
_dKOSZ 005/RW
_dKOSZ 005/HR
041 1 _apol
_hrus
046 _k1964
080 _a621.37
080 _a537.86
100 1 _aGurevič, Aleksandr Grigor'evič.
_eAutor
245 1 0 _aFerryty w zakresie mikrofal /
_cA. G. Gurewicz ; [z rosyjskiego tłumaczenie Zbigniew Płochocki].
246 1 _iTytuł oryginału:
_aFerrity na sverhvysokih častotah
260 _aWarszawa :
_bPaństwowe Wydawnictwo Naukowe,
_c1964.
300 _a464 strony :
_bilustracje ;
_c23 cm.
336 _aTekst
_btxt
_2rdacontent
337 _aBez urządzenia pośredniczącego
_bn
_2rdamedia
338 _aWolumin
_bnc
_2rdacarrier
380 _aKsiążki.
388 _a1901-2000
388 _a1945-1989
504 _aBibliografia na stronach [425]-457. Indeks.
658 _aFizyka i astronomia
658 _aInżynieria i technika
650 4 _aMateriały magnetyczne
650 4 _aFale ultrakrótkie
650 4 _aMikrofale
700 1 _aPłochocki, Zbigniew
_eTłumaczenie
710 2 _aPaństwowe Wydawnictwo Naukowe
_4pbl.
856 _uhttp://koha.tu.koszalin.pl/cgi-bin/koha/opac-detail.pl?biblionumber=13428
_yKatalog online BPK
942 _2UKD
_cKS
999 _c13428
_d13428